Análisis integral de la productividad del Proyecto Geotérmico Miravalles en su etapa de construcción

Wedi'i Gadw mewn:
Manylion Llyfryddiaeth
Prif Awdur: Huertas C., Verny
Awduron Eraill: Ketelhöhn G., Niels
Fformat: Llyfr
Cyhoeddwyd: San José, Costa Rica 1992
Pynciau:
Tagiau: Ychwanegu Tag
Dim Tagiau, Byddwch y cyntaf i dagio'r cofnod hwn!

MARC

LEADER 00000nam a2200000Ia 4500
003 007406
005 20221231144303.0
008 140114s1992 cr a m 000 ||s d
040 |c cru CEDI 
090 |a TFG 3121 
100 |a Huertas C., Verny  |9 11314 
245 |a Análisis integral de la productividad del Proyecto Geotérmico Miravalles en su etapa de construcción  
260 |c 1992  |a San José, Costa Rica 
300 |a  viii, 292 [108] hojas ; 28 cm.  
500 |a  Proyecto de graduacion (licenciatura en ingenieria industrial)--Universidad de Costa Rica. Facultad de Ingeniería. Escuela de Ingenieria Industrial 
650 |x INSTITUTO COSTARRICENSE DE ELECTRICIDAD.. PROYECTO GEOTERMICO DE MIRAVALLES  |9 11316 
700 |9 11315  |a Ketelhöhn G., Niels 
942 |c TFG 
999 |c 19620  |d 19620